Systémy a metódy riadenia výrobno-technickej základne priemyslu téma C
Salvato in:
| Natura: | Libro |
|---|---|
| Lingua: | slovacco |
| Pubblicazione: |
Bratislava
VŠE
1987
|
| Tags: |
Nessun Tag, puoi essere il primo ad aggiungerne!!
|
MARC
| LEADER | 00000nam a2200000 4500 | ||
|---|---|---|---|
| 001 | c029262 | ||
| 005 | 20260325112151.9 | ||
| 041 | 0 | |a slo | |
| 044 | |a SK | ||
| 245 | 1 | 0 | |a Systémy a metódy riadenia výrobno-technickej základne priemyslu |b téma C |
| 264 | 1 | |a Bratislava |b VŠE |c 1987 | |
| 300 | |a 25, 21, 31 s. | ||